Lessons from aimc4 for cost-effective, fabric-first, low energy housing (Record no. 115071)

MARC details
000 -LEADER
fixed length control field 00772cam a22002295a 4500
001 - CONTROL NUMBER
control field L158005
008 - FIXED-LENGTH DATA ELEMENTS--GENERAL INFORMATION
fixed length control field 131008s2013 xxk f 000 0 eng d
020 ## - INTERNATIONAL STANDARD BOOK NUMBER
International Standard Book Number 9781848063389
035 ## - SYSTEM CONTROL NUMBER
System control number (Sirsi) u158005
041 0# - LANGUAGE CODE
Language code of text/sound track or separate title eng
100 1# - MAIN ENTRY--PERSONAL NAME
Personal name Corfe, Claire
245 00 - TITLE STATEMENT
Title Lessons from aimc4 for cost-effective, fabric-first, low energy housing
Remainder of title Part 4: Understanding value, applying lean techniques and benchmarking
260 ## - PUBLICATION, DISTRIBUTION, ETC.
Place of publication, distribution, etc. Watford
Name of publisher, distributor, etc. BRE
Date of publication, distribution, etc. 2013
300 ## - PHYSICAL DESCRIPTION
Extent 8p.
Other physical details ill.
Dimensions 30cm.
490 #0 - SERIES STATEMENT
Series statement BRE Information Paper
Volume/sequential designation (9/13)
520 ## - SUMMARY, ETC.
Summary, etc. Focuses on understanding value for the end user and making the construction process as efficient as possible.
521 ## - TARGET AUDIENCE NOTE
Target audience note Advanced
590 ## - LOCAL NOTE (RLIN)
Local note KA
651 #4 - SUBJECT ADDED ENTRY--GEOGRAPHIC NAME
Geographic name ENGLAND AND WALES
700 1# - ADDED ENTRY--PERSONAL NAME
Personal name Gaze, Christopher
942 ## - ADDED ENTRY ELEMENTS (KOHA)
Suppress in OPAC 0
Holdings
Withdrawn status Lost status Source of classification or shelving scheme Damaged status Not for loan Home library Current library Shelving location Date acquired Total Checkouts Full call number Barcode Date last seen Copy number Price effective from Koha item type
    Dewey Decimal Classification     London London BRE publications 08/10/2013   BRE 30075063 06/08/2019 1 06/08/2019 Book